| 000 | 00676nam a22002297a 4500 | ||
|---|---|---|---|
| 003 | OSt | ||
| 005 | 20160622170618.0 | ||
| 008 | 160622b xxu||||| |||| 00| 0 eng d | ||
| 020 | _a9781605476353 | ||
| 020 | _a1605476358 | ||
| 040 | _cDNLM | ||
| 082 | _aWY193 C24i 2012 | ||
| 100 |
_aCarter, Pamela J. _99524 |
||
| 245 | _aLippincott's Textbook for Nursing Assistants: a humanistic approach to caregiving | ||
| 250 | _a3rd ed. | ||
| 260 | _aPhiladelphia; Wolter Kluwer, 2012 | ||
| 300 | _axxxiii,862p; col.ill: 28cm | ||
| 504 | _aAppendice, glossary, & index included | ||
| 650 |
_aNursing practice _9705 |
||
| 650 |
_aCaregiving nursing _99547 |
||
| 942 |
_2z _cO_SHELF |
||
| 999 |
_c4439 _d4439 |
||